| 000 | 00524nam a2200121Ia 4500 | ||
|---|---|---|---|
| 008 | 220620s9999||||xx |||||||||||||| ||und|| | ||
| 100 | _aKraml, Martina||Sejdini, Zekirija||Bauer, Nicole | ||
| 245 | 0 |
_aConflicts in Interreligious Education _bExploring Theory and Practice |
|
| 546 | _aEnglish[eng] | ||
| 650 | _aInterreligious learning||interreligious education||conflict studies||pedagogy of religion||religious diversity | ||
| 856 | _uhttps://library.oapen.org/bitstream/20.500.12657/53716/1/9783110762877.pdf | ||
| 942 | _cEB | ||
| 999 |
_c33067 _d33067 |
||